000 00781nam a2200241Ia 4500
003 OSt
005 20220918193012.0
006 a|||||r|||| 00| 0
007 ta
008 220917b |||||||| |||| 00| 0 eng d
024 _a71,461
037 _cTextual
040 _aARTS
_cARTS
_beng
041 _2eng
_aeng
082 _aR3xM891p1, N78, L9
110 _aInternational Wittgenstein Symposium (Austria, 1979)
_980828
245 0 _aProceedings
_b Wittegenstein the Viena Circle and critical rationalism ed Rudolf Haller etc
260 _aVienna
_bHolder Pichler Tempsky
_c1979
300 _a543p.
_ccm.
700 _aInternational Wittgenstein Symposium (Austria, 1979)
_980829
942 _hR3xM891p1, N78, L9
_cTEXL
_2CC
999 _c197534
_d197534